Statistiques concernant Paroles : Je te donne - Jean Jacques Goldman

Cliquez ici pour prendre le quiz!

Statistiques générales

  • Ce quiz a été pris 1 689 fois
  • Le résultat moyen est 206 sur 294

Statistiques - réponses

Paroles% Correct
donne,
99%
donne
99%
je
99%
Je
99%
te
99%
me
97%
to
97%
I
96%
mes
96%
Mes
96%
a
95%
ce
94%
Ce
94%
que
94%
tout
94%
de
92%
differences
90%
toutes
87%
chance
86%
et
86%
Et
86%
give
85%
les
85%
Les
85%
on
85%
On
85%
qui
85%
can
84%
des
84%
faut
84%
la
84%
sont
84%
you
84%
défauts,
83%
défauts
83%
vaux
83%
vaux,
83%
il
82%
Tous
82%
voix
82%
ces
81%
ma
81%
comme
80%
mots
79%
autant
78%
bien
78%
gens
78%
jamais
78%
sera
77%
un
77%
notes,
76%
suis,
76%
suis
76%
fois
74%
j'ai
74%
ta
74%
my
73%
My
73%
tempo
73%
ton
72%
emporte
71%
propre
71%
j'imagine
70%
standards
70%
Une
70%
Quand
69%
fragile
68%
the
67%
The
67%
voice,
67%
in
65%
solide
65%
crois
64%
espoir
63%
épaule
62%
and
60%
fort
60%
nos
60%
Nos
60%
chances,
58%
peu
58%
plus
57%
belles
56%
dans
55%
ont
53%
parle
52%
soul
52%
doutes
51%
filles
51%
trésors
51%
l'on
50%
go
49%
notre
48%
brunes
47%
stupide
47%
forte
46%
l'amour
46%
l'histoire
46%
l'humour
45%
is
43%
force
42%
heart
42%
feel
41%
of
41%
raisons
41%
routes
41%
rythm
41%
we
41%
questions
40%
dons
39%
song
39%
indicible
38%
it
38%
It
38%
when
38%
day
37%
I'm
37%
portent
37%
laissées
36%
way
36%
inside
35%
Put
35%
with
35%
your
35%
make
34%
harmony,
33%
let
33%
sing
33%
from
32%
good
32%
his
32%
that
32%
ancestral
31%
feeling,
31%
pride
31%
deep
30%
whatever
29%
Whatever
29%
words
29%
home
28%
Carry
27%
love,
27%
even
26%
lost
25%
boy
24%
down
24%
hurt
24%
ring
24%
stories
23%
told
23%
welsh
23%
climb
21%
helps
21%
platform
21%
I've
20%
songs
20%
who's
20%
bred
18%
rythms
16%
thoughts
15%
well
10%

Distribution des résultats

Percentile par nombre de réponses

% des personnes avec chaque résultat

Votre développement - résultats

Vous n’avez pas pris ce quiz